000
00281nam a2200109Ia 4500
008
200302s9999 xx 000 0 und d
100
_a
Janelle McCulloch
245
_a
A Pocketful of Apartments
260
_b
The Images Publishing Group Pvt. Ltd.
260
_c
2007
300
_a
279 P.,
999
_c
3073
_d
3073